00834 2200181 4500245006400000020002200064250001100086100001600097700001700113650004300130005001900173260004200192041001400234084000800248300002300256500036400279336000900643 aSecret Seven Fireworks b : Bermain ApicEnid BlytonhText a978-979-22-7774-6 aCet. 5 aEnid Blyton aAgus Setiadi aNovel Inggris (dalam Bahasa Indonesia) a20231013093957 aJakartabGramedia Pustaka Utamac2011 aIndonesia a823 a152 hlm. :c18 cm. aSapta Siaga : serikat rahasia tujuh anak yang begitu piawai memecahkan misteri sampai-sampai polisi pun kalah!. Sapta Siaga kecurian! Pakain boneka dan uang tabungan mereka hilang. Mereka menduga pencurinya tentulah Trio Rewel, kelompok detektif yang didirikan Susie dan dua orang kawannya. Susie memang usil dan suka mengganggu. Tapi, apakah dia sejahat itu? atext